Statistiken für Top 15 der betroffenen Covid-19-Länder - 14. Mai

Klicken Sie hier um das Quiz zu spielen!

Allgemein

  • Dieses Quiz wurde 13 mal gespielt
  • Das Durchschnittsergebnis liegt bei 15 aus 24

Antwortstatistiken

Land% Korrekt
Brasilien
91%
Deutschland
91%
Frankreich
91%
Italien
91%
Russland
91%
Spanien
91%
Vereinigtes Königreich
91%
Vereinigte Staaten
91%
China
82%
Indien
82%
Iran
73%
Kanada
73%
Türkei
73%
Portugal
64%
Belgien
55%
Schweden
45%
Peru
36%
Schweiz
36%
Bahrain
27%
Irland
27%
Singapur
27%
Weißrussland
27%
Katar
18%
Kuwait
9%

Verteilung der Resultate

Perzentil nach korrekt beantworteten Fragen

Anzahl Personen mit jedem Resultat

Ihre Resultats-Entwicklung

Sie haben dieses Quiz noch nicht gespielt